| 000 | 00561nam a2200193 i 4500 | ||
|---|---|---|---|
| 001 | 96566 | ||
| 003 | ES-MaACL | ||
| 005 | 20250814063223.0 | ||
| 007 | t| | ||
| 008 | 050627s1972 sp ||||1| spa d | ||
| 100 | 1 |
_aMaldonado, Luis, _d1930- _9143125 |
|
| 245 | 1 | 3 |
_aEl menester de la predicación / _cLuis Maldonado Arenas. |
| 260 |
_aSalamanca : _bSÃgueme, _c1972. |
||
| 300 |
_a222 p. ; _c22 cm. |
||
| 490 | 1 |
_aNueva alianza ; _v41 |
|
| 830 | 0 |
_aNueva alianza ; _v41 _9181320 |
|
| 852 |
_aES-MaACL _jC-45152 _bR.81840 |
||
| 999 |
_c96566 _d96566 |
||